Municipios del Alto Mijares/Alt Millars - Estadísticas

Estadísticas generales
  • Esta prueba ha sido intentada 243 veces
  • La puntuación promedio es 15 de 22
Respuestas en el mapa
Las respuestas están codificadas por una escala verde-roja en el mapa de la prueba según el % correcto abajo.
 
Estadísticas de respuestas
Respuesta % Correcto
Montán
90%
Montanejos
87%
Cirat
81%
Villahermosa del Río
75%
Cortes de Arenoso
73%
Fanzara
73%
Ayódar
72%
Puebla de Arenoso
71%
Argelita
67%
Fuente la Reina
67%
Fuentes de Ayódar
67%
Arañuel
66%
Castillo de Villamalefa
66%
Toga
66%
Zucaina
65%
Espadilla
62%
Vallat
62%
Torralba del Pinar
61%
Villanueva de Viver
61%
Ludiente
59%
Torrechiva
59%
Villamalur
58%
No se encontraron pruebas coincidentes
Distribución de puntuación
Porcentaje de gente con cada puntuación
Porcentaje por número respondido
Historial de tus puntuaciones
No has intentado esta prueba.